|
|
|
|
| LEADER |
02295nam a2200505 i 4500 |
| 001 |
mzk03001267205 |
| 003 |
CZ BrMZK |
| 005 |
20200108161111.0 |
| 007 |
ta |
| 008 |
200108s1834 hu fr|||||00| ||gerod |
| 040 |
|
|
|a BOA001
|b cze
|e rda
|
| 043 |
|
|
|a e-hu---
|
| 072 |
|
7 |
|a 2
|x Náboženství
|2 Konspekt
|9 5
|
| 072 |
|
7 |
|a 094.5
|x Tisky (19. století)
|2 Konspekt
|9 12
|
| 080 |
|
|
|a 2-78
|2 MRF
|
| 080 |
|
|
|a 27-42
|2 MRF
|
| 080 |
|
|
|a 025.171
|2 MRF
|
| 080 |
|
|
|a (439)
|2 MRF
|
| 100 |
1 |
|
|a Brunner, Johann Baptist
|4 aut
|
| 245 |
1 |
4 |
|a Das Leben eine Pilgrimmschaft zum Grabe. Eine religiös-moralische Betrachtung für die heilige Fastenzeit in sieben Kanzel-Vorträgen durchgeführt, und im Jahre 1834 an der Haupt-Pfarrkirche in der Festung der k. Haupt-Stadt Ofen /
|c erörtert durch J. B. Brunner Weltpriester, und Pfarr-Gehilfen bei St. Anna zu Ofen
|
| 246 |
3 |
3 |
|a Leben eine Pilgrimmschaft zum Grabe
|
| 264 |
|
1 |
|a Ofen :
|b gedruckt mit königl. Ung. Univ. Schriften,
|c [1834]
|
| 300 |
|
|
|a 6 nečíslovaných stran, 172 stran ;
|c 8° (20 cm)
|
| 336 |
|
|
|a text
|b txt
|2 rdacontent
|
| 337 |
|
|
|a bez média
|b n
|2 rdamedia
|
| 338 |
|
|
|a svazek
|b nc
|2 rdacarrier
|
| 500 |
|
|
|a Výzdoba: Nad impresem linka, dřevořez v textu (Víra), linky, iniciály
|
| 500 |
|
|
|a Rozsah: [6], 172 s.
|
| 500 |
|
|
|a Na zadní straně obálky informace o ceně: Das Exemplar zu 40 kr. C. M. woraus der Extrag dem wohlthätigen Ofner, und Pesther Frauen-Vereine anheim fällt
|
| 561 |
|
|
|a Provenience: [razítko] Bibliotheca Mon. Raigrad. O.S.B
|
| 563 |
|
|
|a Papírová vazba, lepenkové desky potažené šedým papírem s potiskem (v ozdobném rámci natištěný název a informace o ceně)
|
| 650 |
|
7 |
|a náboženské společnosti
|7 ph123381
|2 czenas
|
| 650 |
|
7 |
|a křesťanská morálka
|7 ph115061
|2 czenas
|
| 650 |
|
7 |
|a historické knihovní fondy
|7 ph172933
|2 czenas
|
| 651 |
|
7 |
|a Buda (Budapešť, Maďarsko)
|7 ge1029346
|2 czenas
|
| 655 |
|
4 |
|a tisky 19. století
|
| 910 |
|
|
|e BOE950
|c R - II. b. 2383
|
| 978 |
|
|
|b Tiskárna univerzitní
|a Budapest
|c 1834
|
| 982 |
0 |
|
|a Rajhrad - benediktinský klášter
|
| 984 |
|
|
|a Budapešť
|b Maďarsko
|
| 985 |
|
|
|a 1801-1850
|
| 990 |
|
|
|a BK
|
| 996 |
|
|
|e BOE950
|c R - II. b. 2383
|
| 991 |
|
|
|k rajhrad
|
| 980 |
|
|
|c 225958
|g R - II. b. 2383
|1 328100225958
|p BN. 22142
|